Statistics for Which States Have you been to?

Click here to take the quiz!

General Stats

  • This quiz has been taken 237 times
  • The average score is 19 of 52

Answer Stats

State % Correct
New York
74%
Florida
68%
California
62%
Pennsylvania
58%
Maryland
56%
Illinois
56%
Virginia
55%
Washington DC
54%
Arizona
51%
New Jersey
51%
Nevada
51%
Georgia
51%
North Carolina
47%
Massachusetts
46%
Texas
46%
Colorado
44%
Tennessee
43%
Indiana
41%
Ohio
41%
South Carolina
40%
Utah
38%
Kentucky
37%
Michigan
36%
Connecticut
35%
West Virginia
34%
Washington
34%
Wisconsin
33%
Missouri
32%
Minnesota
32%
Delaware
32%
New Mexico
31%
Hawaii
31%
New Hampshire
30%
Iowa
30%
Alabama
28%
Wyoming
27%
Louisiana
27%
Oklahoma
26%
Vermont
26%
Idaho
25%
Nebraska
25%
South Dakota
25%
Montana
24%
Oregon
24%
Kansas
24%
Arkansas
24%
Maine
24%
Mississippi
23%
Rhode Island
23%
Alaska
18%
North Dakota
18%
Never Been
7%

Score Distribution

Percentile by Number Answered

Percent of People with Each Score

Your Score History

You have not taken this quiz